000
00300nam a2200121Ia 4500
008
190216s9999||||xx |||||||||||||| ||und||
100
_a
Best Books Kottayam
245
0
_a
Kanneerum Kinavum
260
_b
Calicut University Central Co-Operative
300
_a
120
650
_a
Athmakadha
942
_c
BK
999
_c
27124
_d
27124